000 00446nam a22001817a 4500
003 MPLRDC
005 20220104114324.0
008 210129b ||||| |||| 00| 0 eng d
082 _a782.872 ZBQ-3 c.2
100 _a郁愚
245 _a郑板桥外传
_c
250 _a四版
260 _a
_b世界文物出版社
_c1983
300 _b
490 _a传记. 掌故. 趣闻. 3
650 _a郑板桥传记
942 _cBK
_o782.872 ZBQ-3 c.2
999 _c6581
_d6571